[Event "British Columbia-ch"]
[Site "Vancouver CAN"]
[Date "2005.10.07"]
[Round "1.1"]
[White "Phonchiangkwong, Sumon Chai"]
[Black "Pechisker, Alfred"]
[Result "0-1"]
[WhiteElo "1907"]
[BlackElo "2244"]
[PlyCount "122"]
[GameId "2160767910834575"]
[EventDate "2005.10.07"]
[EventType "tourn"]
[EventRounds "7"]
[EventCountry "CAN"]

1. e4 c5 2. Nf3 d6 3. d4 cxd4 4. Nxd4 Nf6 5. Bd3 Nc6 6. c3 g6 7. Be3 Bg7 8. O-O O-O 9. Nd2 Ng4 10. Qe2 Nxe3 11. Qxe3 Nxd4 12. cxd4 Qb6 13. Nb3 a5 14. d5 Qxe3 15. fxe3 Bxb2 16. Rab1 Ba3 17. Nd4 Bc5 18. Kf2 b6 19. Bb5 Ba6 20. Ke2 Bxb5+ 21. Rxb5 Rac8 22. Nc6 Rc7 23. g4 e6 24. Kd3 f5 25. gxf5 exf5 26. exf5 Rxf5 27. Rxf5 gxf5 28. Nd4 Bxd4 29. Kxd4 Rb7 30. a4 Kf7 31. Rb2 Kf6 32. e4 fxe4 33. Kxe4 Ke7 34. h4 Kd7 35. Kf5 Rb8 36. h5 Re8 37. Kf6 Re5 38. h6 Rxd5 39. Kg7 Rg5+ 40. Kxh7 Kc6 41. Rc2+ Kb7 42. Re2 d5 43. Re7+ Kc6 44. Rg7 Rh5 45. Rg6+ Kc5 46. Kg7 d4 47. h7 d3 48. Rh6 Rxh6 49. Kxh6 d2 50. h8=Q d1=Q 51. Qc3+ Kd5 52. Qa3 Qd2+ 53. Kh5 Kc4 54. Kg4 Qc3 55. Qe7 Kb3 56. Qd7 Ka3 57. Kh5 Qb4 58. Qd3+ Kxa4 59. Qd1+ Kb5 60. Qd3+ Qc4 61. Qd7+ Ka6 0-1

[Event "British Columbia-ch"]
[Site "Vancouver CAN"]
[Date "2005.10.07"]
[Round "1.2"]
[White "Tegzes, Laszlo"]
[Black "Berry, Jonathan"]
[Result "0-1"]
[WhiteElo "2095"]
[BlackElo "2327"]
[PlyCount "62"]
[GameId "2160767910834576"]
[EventDate "2005.10.07"]
[EventType "tourn"]
[EventRounds "7"]
[EventCountry "CAN"]

1. e4 c6 2. d4 d5 3. exd5 cxd5 4. Bd3 Nc6 5. c3 g6 6. Nf3 Nh6 7. O-O Bf5 8. Bf4 Bg7 9. Re1 O-O 10. Qd2 Bxd3 11. Bxh6 Be4 12. Bxg7 Kxg7 13. Qe3 Bxf3 14. Qxf3 b5 15. Nd2 b4 16. Re3 bxc3 17. bxc3 Rb8 18. Qf4 Qd6 19. Qh4 Rb2 20. Rh3 h5 21. Qg5 Qf6 22. Qe3 Rfb8 23. Rf3 Qd6 24. g3 a5 25. c4 dxc4 26. Nxc4 Rb1+ 27. Rxb1 Rxb1+ 28. Kg2 Qd5 29. Ne5 Nxd4 30. Qd3 Rc1 31. a3 Rc7 0-1

[Event "British Columbia-ch"]
[Site "Vancouver CAN"]
[Date "2005.10.07"]
[Round "1.3"]
[White "Wright, Stephen"]
[Black "Davies, Lucas"]
[Result "1-0"]
[WhiteElo "2118"]
[BlackElo "2174"]
[PlyCount "81"]
[GameId "2160767910834577"]
[EventDate "2005.10.07"]
[EventType "tourn"]
[EventRounds "7"]
[EventCountry "CAN"]

1. d4 g6 2. e4 Bg7 3. Nc3 c6 4. Be3 d6 5. Qd2 Nd7 6. Nf3 Qc7 7. a4 b6 8. Be2 a6 9. O-O Ngf6 10. h3 Bb7 11. e5 dxe5 12. dxe5 Nxe5 13. Nxe5 Qxe5 14. Bxb6 Nd5 15. Nxd5 cxd5 16. c3 Qd6 17. a5 O-O 18. Rfd1 Rfc8 19. Rac1 Bc6 20. Bf3 e6 21. b3 Qa3 22. c4 Qxb3 23. cxd5 Bxd5 24. Bxd5 exd5 25. Rxc8+ Rxc8 26. Qxd5 Qc2 27. g3 Bb2 28. Kg2 Ba3 29. Rd3 Bb4 30. Rf3 Qc4 31. Qb7 Rf8 32. Rf4 Qb5 33. Qc7 Qd5+ 34. Kh2 Qb5 35. Qc4 Bd2 36. Qxb5 axb5 37. Rd4 Bc3 38. Rd3 b4 39. a6 Kg7 40. a7 Bf6 41. Bd8 1-0

[Event "British Columbia-ch"]
[Site "Vancouver CAN"]
[Date "2005.10.08"]
[Round "2"]
[White "Davies, Lucas"]
[Black "Yoos, John"]
[Result "1/2-1/2"]
[WhiteElo "2175"]
[BlackElo "2393"]
[PlyCount "80"]
[GameId "2160767910834578"]
[EventDate "2005.10.07"]
[EventType "tourn"]
[EventRounds "7"]
[EventCountry "CAN"]
[SourceTitle "EXT 2007"]
[Source "ChessBase"]
[SourceDate "2006.11.23"]
[SourceVersion "1"]
[SourceVersionDate "2006.11.23"]
[SourceQuality "1"]

1. e4 c5 2. Nc3 Nc6 3. g3 Rb8 4. Bg2 b5 5. d3 b4 6. Nce2 Nf6 7. f4 d5 8. e5 Ng8 9. Nf3 Bg4 10. Be3 e6 11. O-O Nh6 12. Bf2 Nf5 13. h3 Bxf3 14. Bxf3 h5 15. c4 bxc3 16. bxc3 Qd7 17. Qc2 Be7 18. Rfb1 Rxb1+ 19. Rxb1 g6 20. Qb3 O-O 21. Qb7 Qxb7 22. Rxb7 Rb8 23. Rxb8+ Nxb8 24. c4 d4 25. Nc1 Kf8 26. Nb3 Ke8 27. Kg2 Kd7 28. Be4 Nc6 29. g4 hxg4 30. hxg4 Ng7 31. Bxc6+ Kxc6 32. g5 Bd8 33. Be1 Nf5 34. Bd2 Bc7 35. Kf3 Ne7 36. Ke2 Nc8 37. Kd1 Bb6 38. Kc2 Ne7 39. Kd1 Kb7 40. Kc2 Kc6 1/2-1/2

[Event "British Columbia-ch"]
[Site "Vancouver CAN"]
[Date "2005.10.08"]
[Round "2.1"]
[White "Pechisker, Alfred"]
[Black "McLaren, Brian"]
[Result "0-1"]
[WhiteElo "2244"]
[BlackElo "2230"]
[PlyCount "46"]
[GameId "2160767910834579"]
[EventDate "2005.10.07"]
[EventType "tourn"]
[EventRounds "7"]
[EventCountry "CAN"]

1. d4 d5 2. c4 e6 3. Nf3 c6 4. b3 f5 5. Nbd2 Nf6 6. Bb2 Bd6 7. e3 Nbd7 8. Ne5 O-O 9. Bd3 Ne4 10. O-O Qh4 11. Ndf3 Qh6 12. Qe2 Ndf6 13. a3 Bd7 14. b4 Be8 15. Bxe4 fxe4 16. Nd2 Bh5 17. f3 exf3 18. gxf3 Ne4 19. Rad1 Bxe5 20. dxe5 Rf5 21. Nxe4 dxe4 22. Rd7 Bxf3 23. Rxf3 exf3 0-1

[Event "British Columbia-ch"]
[Site "Vancouver CAN"]
[Date "2005.10.08"]
[Round "2.3"]
[White "Berry, Jonathan"]
[Black "Wright, Stephen"]
[Result "1/2-1/2"]
[WhiteElo "2327"]
[BlackElo "2118"]
[PlyCount "33"]
[GameId "2160767910834580"]
[EventDate "2005.10.07"]
[EventType "tourn"]
[EventRounds "7"]
[EventCountry "CAN"]

1. c4 e6 2. Nc3 d5 3. cxd5 exd5 4. d4 Nf6 5. Bg5 Be7 6. e3 O-O 7. Bd3 c6 8. Qc2 Nbd7 9. Nge2 Re8 10. O-O Nf8 11. Rad1 Be6 12. f3 Rc8 13. e4 dxe4 14. fxe4 Ng4 15. Bxe7 Qxe7 16. Qd2 Rcd8 17. h3 1/2-1/2

[Event "British Columbia-ch"]
[Site "Vancouver CAN"]
[Date "2005.10.08"]
[Round "2.4"]
[White "Phonchiangkwong, Sumon Chai"]
[Black "Tegzes, Laszlo"]
[Result "1/2-1/2"]
[WhiteElo "1907"]
[BlackElo "2095"]
[PlyCount "81"]
[GameId "2160767910834581"]
[EventDate "2005.10.07"]
[EventType "tourn"]
[EventRounds "7"]
[EventCountry "CAN"]

1. e4 c5 2. Nf3 e6 3. d4 cxd4 4. Nxd4 Nf6 5. Bd3 Nc6 6. c3 d5 7. Nd2 Be7 8. O-O Bd7 9. Re1 Nxd4 10. cxd4 dxe4 11. Nxe4 Bc6 12. Bc2 Qb6 13. Ba4 O-O 14. Bxc6 Qxc6 15. Nxf6+ Bxf6 16. Be3 Rfd8 17. Qg4 Qd5 18. Red1 Rac8 19. b3 Rc2 20. Qf3 Qxf3 21. gxf3 Rdc8 22. a4 Kf8 23. Rab1 a6 24. b4 R2c4 25. d5 exd5 26. Rxd5 Be7 27. Rd7 R8c7 28. Rxc7 Rxc7 29. b5 axb5 30. Rxb5 Bf6 31. a5 Ke7 32. Kg2 Kd6 33. f4 Be7 34. f5 Kd7 35. Bb6 Kc6 36. Rb3 Rd7 37. Kf3 g6 38. Be3 Rd5 39. Rb6+ Kc7 40. fxg6 hxg6 41. a6 1/2-1/2

[Event "British Columbia-ch"]
[Site "Vancouver CAN"]
[Date "2005.10.08"]
[Round "3"]
[White "Yoos, John"]
[Black "Berry, Jonathan"]
[Result "1-0"]
[WhiteElo "2393"]
[BlackElo "2256"]
[PlyCount "37"]
[GameId "2160767910834582"]
[EventDate "2005.10.07"]
[EventType "tourn"]
[EventRounds "7"]
[EventCountry "CAN"]
[SourceTitle "EXT 2007"]
[Source "ChessBase"]
[SourceDate "2006.11.23"]
[SourceVersion "1"]
[SourceVersionDate "2006.11.23"]
[SourceQuality "1"]

1. e4 d5 2. exd5 Nf6 3. d4 Nxd5 4. Nf3 Bg4 5. h3 Bxf3 6. Qxf3 Nc6 7. Bb5 e6 8. O-O Nde7 9. c3 Qd5 10. Qe2 O-O-O 11. Nd2 g5 12. Ne4 h6 13. Bc4 Qf5 14. Bd3 Qd5 15. Nf6 Qa5 16. b4 Qb6 17. Be3 Nd5 18. Nxd5 exd5 19. Qf3 1-0

[Event "British Columbia-ch"]
[Site "Vancouver CAN"]
[Date "2005.10.08"]
[Round "3.1"]
[White "Tegzes, Laszlo"]
[Black "Pechisker, Alfred"]
[Result "1/2-1/2"]
[WhiteElo "2095"]
[BlackElo "2244"]
[PlyCount "39"]
[GameId "2160767910834583"]
[EventDate "2005.10.07"]
[EventType "tourn"]
[EventRounds "7"]
[EventCountry "CAN"]

1. e4 c5 2. c3 d5 3. exd5 Qxd5 4. d4 Nf6 5. Nf3 Bg4 6. Be2 Nc6 7. O-O e6 8. Na3 Be7 9. Be3 cxd4 10. Nb5 O-O 11. Nbxd4 Rfd8 12. Qa4 Nxd4 13. Bxd4 Qe4 14. Rae1 a6 15. Bd1 Qg6 16. Bc2 Bf5 17. Bxf5 Qxf5 18. Bb6 Rd6 19. Bc7 Rd7 20. Bg3 1/2-1/2

[Event "British Columbia-ch"]
[Site "Vancouver CAN"]
[Date "2005.10.08"]
[Round "3.2"]
[White "Wright, Stephen"]
[Black "Phonchiangkwong, Sumon Chai"]
[Result "1-0"]
[WhiteElo "2118"]
[BlackElo "1907"]
[PlyCount "71"]
[GameId "2160767910834584"]
[EventDate "2005.10.07"]
[EventType "tourn"]
[EventRounds "7"]
[EventCountry "CAN"]

1. g3 d5 2. Bg2 c6 3. c4 e6 4. Nf3 Bd6 5. O-O Ne7 6. d4 O-O 7. Nbd2 f5 8. e3 Nd7 9. b3 Nf6 10. Bb2 Bd7 11. Ne5 Be8 12. Qc1 h6 13. Ba3 Bxe5 14. dxe5 Nd7 15. f4 Bh5 16. Qc3 Rf7 17. Bd6 Nc8 18. c5 Kh7 19. b4 b5 20. Nb3 Nxd6 21. cxd6 Be2 22. Rfe1 Bc4 23. Nd4 Qe8 24. Nxc6 Nb6 25. Nd4 Na4 26. Qd2 Qd7 27. g4 g6 28. Bf3 a5 29. a3 Rff8 30. Kh1 Ra7 31. Rg1 axb4 32. axb4 Nb6 33. Rxa7 Qxa7 34. Nxe6 Rf7 35. gxf5 gxf5 36. Qg2 1-0

[Event "British Columbia-ch"]
[Site "Vancouver CAN"]
[Date "2005.10.08"]
[Round "3.4"]
[White "McLaren, Brian"]
[Black "Davies, Lucas"]
[Result "1/2-1/2"]
[WhiteElo "2230"]
[BlackElo "2174"]
[PlyCount "92"]
[GameId "2160767910834585"]
[EventDate "2005.10.07"]
[EventType "tourn"]
[EventRounds "7"]
[EventCountry "CAN"]

1. e4 c6 2. Nc3 d5 3. Nf3 Bg4 4. h3 Bxf3 5. Qxf3 Nf6 6. d3 e6 7. Bd2 Be7 8. g3 Nbd7 9. Bg2 O-O 10. O-O Ne8 11. Qe2 Nd6 12. Kh2 Rc8 13. Rae1 d4 14. Nd1 e5 15. f4 c5 16. Bf3 Rc6 17. Bg4 Bf6 18. Bxd7 Qxd7 19. c4 Rb8 20. b3 a6 21. Nb2 b5 22. Rc1 Qe6 23. Qg4 Qxg4 24. hxg4 g6 25. Kg2 Bg7 26. g5 Rb7 27. Rc2 b4 28. Bc1 Nc8 29. Nd1 a5 30. Nf2 Nb6 31. Ng4 Nd7 32. Rcf2 Ra6 33. f5 Raa7 34. fxg6 fxg6 35. Nh6+ Kh8 36. Rf7 Rb8 37. a4 Rab7 38. Re7 Rf8 39. Nf7+ Kg8 40. Nd6 Ra7 41. Rxf8+ Bxf8 42. Re8 Ra6 43. Nb5 Kf7 44. Rd8 Ke7 45. Rc8 Kf7 46. Rd8 Ke7 1/2-1/2

[Event "British Columbia-ch"]
[Site "Vancouver CAN"]
[Date "2005.10.09"]
[Round "4.1"]
[White "Pechisker, Alfred"]
[Black "Davies, Lucas"]
[Result "1/2-1/2"]
[WhiteElo "2244"]
[BlackElo "2174"]
[PlyCount "77"]
[GameId "2160767910834586"]
[EventDate "2005.10.07"]
[EventType "tourn"]
[EventRounds "7"]
[EventCountry "CAN"]

1. d4 Nf6 2. c4 g6 3. Nc3 Bg7 4. e4 d6 5. f3 O-O 6. Bg5 c5 7. d5 e6 8. Qd2 exd5 9. cxd5 a6 10. a4 Re8 11. g4 h6 12. Bf4 h5 13. h3 Qc7 14. Bh6 Bh8 15. Nge2 Nbd7 16. Nf4 Ne5 17. Be2 hxg4 18. hxg4 Bd7 19. Nd3 Nc4 20. Qg5 Nh7 21. Qh4 Bf6 22. Qh2 Nxb2 23. Nxb2 Bxc3+ 24. Bd2 Bxb2 25. Qxh7+ Kf8 26. Bh6+ Ke7 27. Bg5+ Kf8 28. Qh4 Kg7 29. Qh6+ Kg8 30. Kf2 c4 31. Qh7+ Kf8 32. Rh6 Bg7 33. Rah1 Qb6+ 34. Kg2 Qb2 35. Kg3 b5 36. Rxg6 fxg6 37. Qxg6 Qe5+ 38. f4 Qxe4 39. Rh8+ 1/2-1/2

[Event "British Columbia-ch"]
[Site "Vancouver CAN"]
[Date "2005.10.09"]
[Round "4.2"]
[White "Berry, Jonathan"]
[Black "McLaren, Brian"]
[Result "1/2-1/2"]
[WhiteElo "2327"]
[BlackElo "2230"]
[PlyCount "59"]
[GameId "2160767910834587"]
[EventDate "2005.10.07"]
[EventType "tourn"]
[EventRounds "7"]
[EventCountry "CAN"]

1. c4 e5 2. Nc3 Nc6 3. Nf3 f5 4. d4 e4 5. Ng5 Nf6 6. Nh3 d5 7. Bg5 dxc4 8. e3 h6 9. Bxf6 Qxf6 10. Nf4 g6 11. Bxc4 Bd6 12. Ncd5 Qg7 13. O-O Bd7 14. b4 Ne7 15. Nxe7 Bxe7 16. Ne6 Bxe6 17. Bxe6 Qf6 18. Qb3 Bd6 19. f3 Ke7 20. Bd5 c6 21. Bc4 exf3 22. Rxf3 Rhe8 23. Rd1 Kf8 24. d5 Kg7 25. dxc6 bxc6 26. b5 Rab8 27. a4 cxb5 28. axb5 a6 29. Rd5 axb5 30. Rxb5 1/2-1/2

[Event "British Columbia-ch"]
[Site "Vancouver CAN"]
[Date "2005.10.09"]
[Round "4.3"]
[White "Phonchiangkwong, Sumon Chai"]
[Black "Yoos, John"]
[Result "0-1"]
[WhiteElo "1907"]
[BlackElo "2427"]
[PlyCount "46"]
[GameId "2160767910834588"]
[EventDate "2005.10.07"]
[EventType "tourn"]
[EventRounds "7"]
[EventCountry "CAN"]

1. e4 c5 2. Nc3 Nc6 3. g3 g6 4. Bg2 Bg7 5. Nge2 d6 6. d3 e5 7. O-O Nge7 8. Be3 O-O 9. f4 Nd4 10. Qd2 Be6 11. Nd5 Nxe2+ 12. Qxe2 Bxd5 13. exd5 exf4 14. gxf4 Nf5 15. Bf2 Re8 16. Qd2 Bxb2 17. Rab1 Qf6 18. Be4 Bc3 19. Qd1 b6 20. Rb3 Bd4 21. Qg4 Bxf2+ 22. Rxf2 Qa1+ 23. Kg2 Ne3+ 0-1

[Event "British Columbia-ch"]
[Site "Vancouver CAN"]
[Date "2005.10.09"]
[Round "4.4"]
[White "Tegzes, Laszlo"]
[Black "Wright, Stephen"]
[Result "1-0"]
[WhiteElo "2095"]
[BlackElo "2118"]
[PlyCount "89"]
[GameId "2160767910834589"]
[EventDate "2005.10.07"]
[EventType "tourn"]
[EventRounds "7"]
[EventCountry "CAN"]

1. e4 Nf6 2. e5 Nd5 3. c4 Nb6 4. c5 Nd5 5. Bc4 c6 6. Nc3 e6 7. d4 b6 8. cxb6 axb6 9. Nf3 Ba6 10. Bxa6 Nxa6 11. O-O Be7 12. Qe2 Nac7 13. Ne4 O-O 14. Rd1 f6 15. exf6 Nxf6 16. Neg5 Qe8 17. Ne5 Rd8 18. Rd3 h6 19. Nh3 Ncd5 20. Bxh6 Qh5 21. Qxh5 Nxh5 22. Bd2 Bd6 23. Re1 Nhf6 24. Ng5 Bxe5 25. dxe5 Ng4 26. f3 Nh6 27. Ne4 Ra8 28. Bxh6 gxh6 29. a3 Kf7 30. Nc3 h5 31. g3 Rg8 32. Kf2 Ra5 33. f4 Rc5 34. Red1 Ke7 35. Kf3 Rc4 36. Ne4 Rc2 37. R3d2 Rxd2 38. Rxd2 b5 39. Nf6 Nxf6 40. exf6+ Kxf6 41. Rxd7 Rc8 42. Ke4 c5 43. Rb7 c4 44. Rxb5 h4 45. Kd4 1-0

[Event "British Columbia-ch"]
[Site "Vancouver CAN"]
[Date "2005.10.09"]
[Round "5"]
[White "Yoos, John"]
[Black "Tegzes, Laszlo"]
[Result "1-0"]
[WhiteElo "2393"]
[BlackElo "2140"]
[PlyCount "79"]
[GameId "2160767910834590"]
[EventDate "2005.10.07"]
[EventType "tourn"]
[EventRounds "7"]
[EventCountry "CAN"]
[SourceTitle "EXT 2007"]
[Source "ChessBase"]
[SourceDate "2006.11.23"]
[SourceVersion "1"]
[SourceVersionDate "2006.11.23"]
[SourceQuality "1"]

1. g3 g6 2. Bg2 Bg7 3. e4 d6 4. d4 Nf6 5. Nc3 O-O 6. Nge2 Nbd7 7. O-O e5 8. h3 c6 9. a4 Qc7 10. Be3 exd4 11. Bxd4 Re8 12. g4 Nc5 13. Ng3 Ne6 14. Be3 b6 15. Qd2 Rd8 16. Bh6 Bh8 17. f4 Ba6 18. Rfe1 d5 19. e5 d4 20. Nce4 Nd5 21. f5 Nc5 22. e6 Ne3 23. exf7+ Qxf7 24. Bf4 Nc4 25. Qf2 d3 26. c3 d2 27. Red1 Nd3 28. Qf3 Ndxb2 29. Ng5 Qd5 30. Qe2 Qc5+ 31. Kh2 Re8 32. Ne6 Nxd1 33. Qxd1 Qf2 34. Ne4 Qh4 35. Nxd2 Bxc3 36. Ne4 Rad8 37. Qb1 gxf5 38. Bg5 Rxe6 39. Bxh4 Rd4 40. Nxc3 1-0

[Event "British Columbia-ch"]
[Site "Vancouver CAN"]
[Date "2005.10.09"]
[Round "5.1"]
[White "Wright, Stephen"]
[Black "Pechisker, Alfred"]
[Result "1/2-1/2"]
[WhiteElo "2118"]
[BlackElo "2244"]
[PlyCount "57"]
[GameId "2160767910834591"]
[EventDate "2005.10.07"]
[EventType "tourn"]
[EventRounds "7"]
[EventCountry "CAN"]

1. g3 d5 2. Nf3 c6 3. c4 Nf6 4. Bg2 g6 5. cxd5 cxd5 6. d4 Bg7 7. Nc3 O-O 8. Ne5 e6 9. Bg5 h6 10. Bf4 Nc6 11. Nxc6 bxc6 12. O-O Nh5 13. Be3 f5 14. f4 Bd7 15. Rc1 g5 16. Qd2 gxf4 17. Bxf4 Nxf4 18. gxf4 Qa5 19. e3 Rab8 20. b3 c5 21. dxc5 Rbc8 22. Ne4 Qa3 23. Nf2 Rxc5 24. Nd3 Rcc8 25. Rxc8 Rxc8 26. Rc1 Rxc1+ 27. Nxc1 Bb5 28. Ne2 Bxe2 29. Qxe2 1/2-1/2

[Event "British Columbia-ch"]
[Site "Vancouver CAN"]
[Date "2005.10.09"]
[Round "5.3"]
[White "McLaren, Brian"]
[Black "Phonchiangkwong, Sumon Chai"]
[Result "1-0"]
[WhiteElo "2230"]
[BlackElo "1907"]
[PlyCount "85"]
[GameId "2160767910834592"]
[EventDate "2005.10.07"]
[EventType "tourn"]
[EventRounds "7"]
[EventCountry "CAN"]

1. e4 e5 2. Bc4 Nf6 3. Qe2 Bc5 4. c3 O-O 5. d3 d5 6. Bb3 h6 7. Nf3 Nc6 8. Nbd2 Re8 9. h3 a5 10. Nf1 a4 11. Bc2 d4 12. Ng3 Be6 13. O-O Qd7 14. c4 Bf8 15. Bd2 Nh7 16. Nh2 g5 17. Ng4 Bg7 18. b4 b5 19. cxb5 Ne7 20. Nh5 Qxb5 21. Rfc1 Ng6 22. Bd1 Ra7 23. Rc5 Qd7 24. Nxg7 Kxg7 25. Qf1 f6 26. Nh2 Nhf8 27. a3 Nf4 28. Bg4 Bxg4 29. hxg4 N8e6 30. Rc4 Rc8 31. Bxf4 gxf4 32. Rac1 Qb5 33. Nf3 c6 34. Nh4 Rd7 35. Qd1 Ng5 36. Rc5 Qa6 37. Ra5 Qb7 38. Qxa4 Ne6 39. Ra6 Nd8 40. Rc5 h5 41. gxh5 Kh6 42. Rca5 Rh7 43. Ra7 1-0

[Event "British Columbia-ch"]
[Site "Vancouver CAN"]
[Date "2005.10.09"]
[Round "5.4"]
[White "Davies, Lucas"]
[Black "Berry, Jonathan"]
[Result "1-0"]
[WhiteElo "2174"]
[BlackElo "2327"]
[PlyCount "55"]
[GameId "2160767910834593"]
[EventDate "2005.10.07"]
[EventType "tourn"]
[EventRounds "7"]
[EventCountry "CAN"]

1. e4 c5 2. Nf3 g6 3. d4 cxd4 4. Nxd4 Bg7 5. c4 Nc6 6. Be3 d6 7. Be2 f5 8. exf5 gxf5 9. Bh5+ Kf8 10. Nxc6 bxc6 11. Nc3 Nf6 12. Be2 Rb8 13. b3 Qa5 14. Bd2 h5 15. O-O h4 16. h3 Bd7 17. Qc2 Qc7 18. Bd3 e6 19. Rad1 Kf7 20. Bf4 e5 21. Bg5 Rh5 22. f4 e4 23. Be2 Rh7 24. Qd2 Be6 25. Qe3 Qa5 26. Rxd6 Ne8 27. Nxe4 Qxa2 28. Nc5 1-0

[Event "British Columbia-ch"]
[Site "Vancouver CAN"]
[Date "2005.10.10"]
[Round "6"]
[White "Wright, Stephen"]
[Black "Yoos, John"]
[Result "0-1"]
[WhiteElo "2214"]
[BlackElo "2393"]
[PlyCount "38"]
[GameId "2160767910834594"]
[EventDate "2005.10.07"]
[EventType "tourn"]
[EventRounds "7"]
[EventCountry "CAN"]
[SourceTitle "EXT 2007"]
[Source "ChessBase"]
[SourceDate "2006.11.23"]
[SourceVersion "1"]
[SourceVersionDate "2006.11.23"]
[SourceQuality "1"]

1. c4 e5 2. g3 Nf6 3. Bg2 d5 4. cxd5 Nxd5 5. Nf3 Nc6 6. O-O Nb6 7. d3 Be7 8. Nbd2 O-O 9. a3 a5 10. b3 f6 11. Bb2 Be6 12. Rc1 Qe8 13. d4 exd4 14. Nxd4 Nxd4 15. Bxd4 Rd8 16. Bb2 Qd7 17. Ne4 Qxd1 18. Rcxd1 Bxb3 19. Rc1 Nc4 0-1

[Event "British Columbia-ch"]
[Site "Vancouver CAN"]
[Date "2005.10.10"]
[Round "6.1"]
[White "Pechisker, Alfred"]
[Black "Berry, Jonathan"]
[Result "1-0"]
[WhiteElo "2244"]
[BlackElo "2327"]
[PlyCount "59"]
[GameId "2160767910834595"]
[EventDate "2005.10.07"]
[EventType "tourn"]
[EventRounds "7"]
[EventCountry "CAN"]

1. d4 f5 2. g3 Nf6 3. Bg2 d6 4. Nf3 c6 5. c4 Qc7 6. d5 cxd5 7. cxd5 Nxd5 8. O-O Nf6 9. Nc3 Nc6 10. Bg5 Be6 11. Rc1 Qd7 12. Nd4 Bf7 13. Bxf6 gxf6 14. Nd5 Rc8 15. Qa4 Bg7 16. Nxc6 bxc6 17. Rxc6 O-O 18. Ra6 Rfd8 19. Rxa7 Qxa4 20. Rxa4 Kf8 21. b4 e6 22. Nb6 Be8 23. Nxc8 Bxa4 24. Rc1 d5 25. e3 Ke8 26. Bf1 Bd7 27. Ba6 Bf8 28. b5 Bxc8 29. Bxc8 Ba3 30. Rc6 1-0

[Event "British Columbia-ch"]
[Site "Vancouver CAN"]
[Date "2005.10.10"]
[Round "6.2"]
[White "Phonchiangkwong, Sumon Chai"]
[Black "Davies, Lucas"]
[Result "0-1"]
[WhiteElo "1907"]
[BlackElo "2174"]
[PlyCount "140"]
[GameId "2160767910834596"]
[EventDate "2005.10.07"]
[EventType "tourn"]
[EventRounds "7"]
[EventCountry "CAN"]

1. e4 c6 2. Qf3 d5 3. e5 c5 4. Nc3 e6 5. Bb5+ Bd7 6. Qg3 Bxb5 7. Nxb5 Nc6 8. Nf3 g6 9. O-O a6 10. Na3 b5 11. d3 c4 12. Bg5 Qc7 13. Rad1 c3 14. Nb1 cxb2 15. c4 bxc4 16. dxc4 dxc4 17. Rd2 h6 18. Be3 Bg7 19. Rxb2 Nge7 20. Bb6 Qd7 21. Rd2 Qb7 22. Bc5 O-O 23. Qf4 Rfc8 24. Nc3 Qc7 25. Bd6 Qa5 26. Ne4 Nd5 27. Qh4 c3 28. Rxd5 Qxd5 29. Nxc3 Qa5 30. Ne4 Nxe5 31. Nxe5 Bxe5 32. Qxh6 Bg7 33. Qh4 Qb5 34. Nf6+ Bxf6 35. Qxf6 Qf5 36. Qh4 Rc2 37. g4 Rc4 38. f4 g5 39. Qg3 gxf4 40. Bxf4 Qg6 41. h3 Rc2 42. Be5 Qe4 43. Re1 Re2 44. Rxe2 Qxe2 45. Qf4 Qd1+ 46. Kg2 Qc2+ 47. Kg3 Qg6 48. h4 f5 49. h5 Qxg4+ 50. Qxg4+ fxg4 51. Kxg4 Rf8 52. a3 Kh7 53. Bd6 Rf5 54. Be7 Kh6 55. Bb4 Rxh5 56. Kf4 Kg6 57. Ke4 Rd5 58. Be7 Kf7 59. Bb4 Ke8 60. Bc3 Kd7 61. Bb4 Kc6 62. Bf8 Kb5 63. Be7 a5 64. Bf8 a4 65. Be7 Kc4 66. Bf8 Kb3 67. Be7 Rd1 68. Ke5 Ra1 69. Bf8 Rxa3 70. Kxe6 Ra1 0-1

[Event "British Columbia-ch"]
[Site "Vancouver CAN"]
[Date "2005.10.10"]
[Round "6.3"]
[White "Tegzes, Laszlo"]
[Black "McLaren, Brian"]
[Result "1/2-1/2"]
[WhiteElo "2095"]
[BlackElo "2230"]
[PlyCount "22"]
[GameId "2160767910834597"]
[EventDate "2005.10.07"]
[EventType "tourn"]
[EventRounds "7"]
[EventCountry "CAN"]

1. e4 Nf6 2. Nc3 d5 3. exd5 Nxd5 4. Nxd5 Qxd5 5. d4 e5 6. Nf3 exd4 7. Qxd4 Qxd4 8. Nxd4 Bc5 9. Be3 O-O 10. O-O-O Nd7 11. Bf4 c6 1/2-1/2

[Event "British Columbia-ch"]
[Site "Vancouver CAN"]
[Date "2005.10.10"]
[Round "7"]
[White "Yoos, John"]
[Black "Pechisker, Alfred"]
[Result "0-1"]
[WhiteElo "2393"]
[BlackElo "2070"]
[PlyCount "90"]
[GameId "2160767910834598"]
[EventDate "2005.10.07"]
[EventType "tourn"]
[EventRounds "7"]
[EventCountry "CAN"]
[SourceTitle "EXT 2007"]
[Source "ChessBase"]
[SourceDate "2006.11.23"]
[SourceVersion "1"]
[SourceVersionDate "2006.11.23"]
[SourceQuality "1"]

1. e4 c6 2. d4 d5 3. e5 Bf5 4. Nf3 e6 5. Be2 Nd7 6. a3 c5 7. dxc5 Bxc5 8. b4 Bb6 9. Nbd2 Ne7 10. c4 Ng6 11. cxd5 exd5 12. Nb3 O-O 13. Nfd4 Be4 14. f3 Ndxe5 15. fxe4 Qh4+ 16. g3 Qxe4 17. O-O Rac8 18. Rf2 Rfe8 19. Bf1 Rc3 20. Nc5 Bxc5 21. bxc5 Nd3 22. Bb2 Nxf2 23. Kxf2 Rxc5 24. Rc1 Rxc1 25. Bxc1 Ne5 26. h3 Rc8 27. Bf4 Rc3 28. Bxe5 Qxe5 29. Nf3 Qe3+ 30. Kg2 d4 31. Nxd4 Qxg3+ 32. Kh1 Rxa3 33. Qc2 g6 34. Ne2 Qf2 35. Qd1 Ra2 36. Qd8+ Kg7 37. Qd4+ Qxd4 38. Nxd4 Kf6 39. Nb5 a6 40. Nc3 Rc2 41. Ne4+ Ke5 42. Ng5 Kd4 43. Bg2 b5 44. Nxf7 b4 45. Ng5 b3 0-1

[Event "British Columbia-ch"]
[Site "Vancouver CAN"]
[Date "2005.10.10"]
[Round "7.2"]
[White "McLaren, Brian"]
[Black "Wright, Stephen"]
[Result "1/2-1/2"]
[WhiteElo "2230"]
[BlackElo "2118"]
[PlyCount "52"]
[GameId "2160767910834599"]
[EventDate "2005.10.07"]
[EventType "tourn"]
[EventRounds "7"]
[EventCountry "CAN"]

1. g3 d5 2. Nf3 c6 3. Bg2 Bg4 4. b3 Nd7 5. Bb2 Ngf6 6. d3 Qc7 7. h3 Bxf3 8. Bxf3 e5 9. Nd2 Be7 10. a3 O-O 11. e4 dxe4 12. dxe4 Rfe8 13. Qe2 Nf8 14. Nc4 N6d7 15. Ne3 Ne6 16. Rd1 Nd4 17. Bxd4 exd4 18. Rxd4 Bxa3 19. O-O Bc5 20. Ra4 Nf6 21. Rc4 Bb6 22. Kg2 Rad8 23. Ra4 a6 24. Rd1 Rxd1 25. Nxd1 Nd7 26. Ne3 Ne5 1/2-1/2